000 00933cam a2200241 a 4500
005 20260316020003.0
008 950418s1996 enka b 001 0 eng
020 _a0631192328
_qhbk. : alk. paper
020 _a0631192336
_qpbk. : alk. paper
020 _a9780631192336
_q(hbk. : alk. paper)
020 _a9780631192336
_q(pbk. : alk. paper)
040 _aKABLIB
_cKABLIB
_erda
082 0 0 _a414
_223
_bSPE
100 1 _aSpencer, Andrew,
_d1953 December 15-
_914765
245 1 0 _aPhonology :
_btheory and description /
_cAndrew Spencer.
260 _aOxford, U.K. ;
_aMalden, Mass., U.S. :
_bBlackwell Publishers,
_c1996.
300 _axxiv, 322 p. :
_bill. ;
_c25 cm.
440 0 _aIntroducing linguistics ;
_v1
_914766
504 _aIncludes bibliographical references (p. [309]-314), indexes.
650 0 _aGrammar, Comparative and general
_xPhonology.
_914767
650 0 _aEnglish language
_xPhonology.
_914768
942 _2ddc
_cBOOK
_03
999 _c5855
_d5855